Panorama internacional. Controversias fiscales (Registro nro. 13114)

Detalles MARC
000 -LEADER
fixed length control field 00334 a2200109 4500
001 - CONTROL NUMBER
control field ART_7982
005 - DATE AND TIME OF LATEST TRANSACTION
control field 20260410161639.0
008 - FIXED-LENGTH DATA ELEMENTS--GENERAL INFORMATION
fixed length control field 260409a
100 1# - MAIN ENTRY--PERSONAL NAME
Personal name Edelstein, Andrés M.
245 10 - TITLE STATEMENT
Title Panorama internacional. Controversias fiscales
773 0# - HOST ITEM ENTRY
Title Consultor tributario
Related parts - Vol. 2, Nº 19 (sep. 2008)
Record control number REV474

No hay ítems disponibles.